Normal view MARC view
  • SINGH, DR RAMANDEEP . MEHRA, MEENAKSHI, JOSHI, SWETA AND KAKAR, DR.SATINDER

Entry Personal Name

Number of records used in: 1

001 - CONTROL NUMBER

  • control field: 8666

003 - CONTROL NUMBER IDENTIFIER

  • control field: JRU

005 - DATE AND TIME OF LATEST TRANSACTION

  • control field: 20250904151443.0

008 - FIXED-LENGTH DATA ELEMENTS

  • fixed length control field: 250904|| aca||aabn | a|a d

040 ## - CATALOGING SOURCE

  • Original cataloging agency: JRU
  • Transcribing agency: JRU

100 ## - HEADING--PERSONAL NAME

  • Personal name: SINGH, DR RAMANDEEP . MEHRA, MEENAKSHI, JOSHI, SWETA AND KAKAR, DR.SATINDER

670 ## - SOURCE DATA FOUND

  • Source citation: Work cat.: (JRU)8795: SINGH, DR RAMANDEEP . MEHRA, MEENAKSHI, JOSHI, SWETA AND KAKAR, DR.SATINDER, TEXTBOOK OF COMMUNITY PHARMACY AND MANAGEMENT : Exclusively prepared for D PHARMA [2ND YEAR STUDENTS], 2026